000 00316nam a2200133Ia 4500
008 231129s1977||||xx |||||||||||||| ||spa||
020 _a84-7095-042-8
040 _bspa
082 _a751.4 P659
245 0 _aPinte Ud.!
260 _c1977
264 _aLeda
942 _2ddc
_cBKS
999 _c22772
_d22772